Datum a čas kvízu
29.5
Celkem bodů
Celkový počet nahraných bodů na tomto kvízu bez doplňovacích otázek.
4.
Pořadí na kvízu
Konečné umístění týmu na tomto kvízu.
Zaznamenané odpovědi
| # | Otázka | Odpověď | Body | Výsledky |
|---|---|---|---|---|
| 1. | Mobilní aplikace Tečka prošla... | v modré | 1 | |
| 2. | Zaměstnanci jednoho německého... | Volkswagen | 1 | |
| 3. | Televize Nova představila minu... | Ondřej Sokol | 1 | |
| 4. | Jedna úspěšná česká softwarová... | Avast | 1 | |
| 5. | Jak se jmenuje česká tenistka,... | Markéta Vondroušová | 0 | |
| 6. | V následujících otázkách se po... | lilek | 0 | |
| 7. | Jak se jmenuje italský dezert... | affogato | 0 | |
| 8. | Obě nejzákladnější pizzy, tedy... | Neapol | 1 | |
| 9. | Na severu Itálie se v kuchyni... | polenta | 0 | |
| 10. | Napište název tradičních mandl... | cantuccini/cantuccio | 0 |